000 00619nam a22002537a 4500
999 _c316311
_d316311
001 29911
003 UA-OsUOA
005 20200323164951.0
007 ta
008 20041101b un ||||| |||| 00| 0 ukr d
020 _a5898260102
040 _aUA-OsUOA
_brus
_cUA-OsUOA
_dUA-OsUOA
041 _arus
044 _aRU
080 _a32-343(495)
090 _a32-343(495)
_bГ79
100 _aГрейвс Р.
245 _aМифы древней Греции
_nкн. 1
260 _aМосква
_bПрогресс-Традиция
_c2001
300 _a432 с.
650 7 _2UDC
942 _cBK
_2udc
955 _a0